| 000 | 00905cam a2200265I 4500 | ||
|---|---|---|---|
| 001 | 4619887 | ||
| 005 | 20090423074916.0 | ||
| 008 | 741111s1946 enk 000 0 eng c | ||
| 010 | _aa 47005733 | ||
| 035 | _a(OCoLC)ocm01071300 | ||
| 035 | _a(NNC)4619887 | ||
| 040 |
_aBZM _cBZM |
||
| 098 | _aUP27 | ||
| 245 | 1 | 4 |
_aThe Book of common prayer: _cand administration of the sacraments and other rites and cereminies of the church:together with the Psalter or Psalms of David. |
| 260 |
_aNew York _c1989 |
||
| 300 |
_a1001 p. _c20 cm. |
||
| 490 | 1 | _aSt. Paul's library | |
| 500 | _a"First edition 1946." | ||
| 610 | 2 | 0 |
_aChurch of England. _tBook of common prayer. |
| 650 | 0 | _aLiturgies. | |
| 830 | 0 | _aSt. Paul's library. | |
| 942 |
_2lcc _cBK |
||
| 999 |
_c20111 _d20111 |
||